2022 MLB Playoff Lineups - Statistics

General Stats
  • This quiz has been taken 59 times
  • The average score is 89 of 162
Answer Stats
Hint Hint Answer % Correct
New York Yankees RF Aaron Judge
90%
Philadelphia Phillies DH Bryce Harper
90%
Los Angeles Dodgers C Will Smith
90%
Houston Astros 3B Alex Bregman
86%
Los Angeles Dodgers 1B Freddie Freeman
86%
New York Yankees SP Gerrit Cole
86%
Houston Astros 2B Jose Altuve
86%
Philadelphia Phillies C J.T. Realmuto
86%
Houston Astros SP Justin Verlander
86%
Toronto Blue Jays 1B Vladimir Guerrero Jr.
86%
New York Yankees MGR Aaron Boone
81%
Philadelphia Phillies SP Aaron Nola
81%
San Diego Padres C Austin Nola
81%
Atlanta Braves 3B Austin Riley
81%
Seattle Mariners 3B Eugenio Suarez
81%
Tampa Bay Rays DH Harold Ramirez
81%
Cleveland Guardians 3B Jose Ramirez
81%
Los Angeles Dodgers DH Justin Turner
81%
San Diego Padres 3B Manny Machado
81%
Atlanta Braves 1B Matt Olson
81%
Atlanta Braves SP Max Fried
81%
Los Angeles Dodgers RF Mookie Betts
81%
New York Mets 1B Pete Alonso
81%
Philadelphia Phillies SP Ranger Suarez
81%
Atlanta Braves RF Ronald Acuña Jr.
81%
Los Angeles Dodgers SS Trea Turner
81%
Philadelphia Phillies 3B Alec Bohm
76%
Los Angeles Dodgers SP Clayton Kershaw
76%
Houston Astros SP Framber Valdez
76%
New York Mets SS Francisco Lindor
76%
New York Yankees DH Giancarlo Stanton
76%
Houston Astros SS Jeremy Peña
76%
Houston Astros RF Kyle Tucker
76%
Atlanta Braves SP Spencer Strider
76%
Houston Astros LF Yordan Alvarez
76%
Houston Astros 1B Yuli Gurriel
76%
Toronto Blue Jays C Alejandro Kirk
71%
Toronto Blue Jays SS Bo Bichette
71%
Philadelphia Phillies SS Bryson Stott
71%
Houston Astros CF Chas McCormick
71%
Atlanta Braves SS Dansby Swanson
71%
Seattle Mariners CF Julio Rodriguez
71%
Philadelphia Phillies LF Kyle Schwarber
71%
Houston Astros C Martin Maldonado
71%
New York Mets SP Max Scherzer
71%
Philadelphia Phillies RF Nick Castellanos
71%
St. Louis Cardinals 3B Nolan Arenado
71%
St. Louis Cardinals 1B Paul Goldschmidt
71%
Toronto Blue Jays RF Teoscar Hernandez
71%
Atlanta Braves C Travis d’Arnaud
71%
St. Louis Cardinals C Yadier Molina
71%
Philadelphia Phillies SP Zack Wheeler
71%
St. Louis Cardinals DH Albert Pujols
67%
Philadelphia Phillies CF Brandon Marsh
67%
Seattle Mariners C Cal Raleigh
67%
Houston Astros MGR Dusty Baker
67%
Toronto Blue Jays CF George Springer
67%
San Diego Padres 2B Jake Cronenworth
67%
San Diego Padres RF Juan Soto
67%
Tampa Bay Rays SS Wander Franco
67%
Tampa Bay Rays 3B Yandy Diaz
67%
New York Yankees 1B Anthony Rizzo
62%
New York Mets CF Brandon Nimmo
62%
New York Yankees 2B Gleyber Torres
62%
San Diego Padres SS Ha-Seong Kim
62%
New York Mets SP Jacob deGrom
62%
San Diego Padres DH Josh Bell
62%
Cleveland Guardians 1B Josh Naylor
62%
Los Angeles Dodgers SP Julio Urias
62%
Houston Astros SP Lance McCullers Jr.
62%
Seattle Mariners SP Luis Castillo
62%
Atlanta Braves CF Michael Harris II
62%
St. Louis Cardinals SP Miles Mikolas
62%
Philadelphia Phillies 1B Rhys Hoskins
62%
Cleveland Guardians LF Steven Kwan
62%
San Diego Padres SP Yu Darvish
62%
San Diego Padres SP Blake Snell
57%
Atlanta Braves MGR Brian Snitker
57%
Los Angeles Dodgers MGR Dave Roberts
57%
New York Yankees CF Harrison Bader
57%
San Diego Padres SP Joe Musgrove
57%
New York Yankees 3B Josh Donaldson
57%
Seattle Mariners SS J.P. Crawford
57%
Tampa Bay Rays MGR Kevin Cash
57%
Seattle Mariners SP Logan Gilbert
57%
Los Angeles Dodgers 3B Max Muncy
57%
St. Louis Cardinals MGR Oliver Marmol
57%
Cleveland Guardians SP Shane Bieber
57%
Cleveland Guardians 2B Andres Gimenez
52%
Houston Astros SP Cristian Javier
52%
Toronto Blue Jays SP Kevin Gausman
52%
Philadelphia Phillies SP Noah Syndergaard
52%
Tampa Bay Rays LF Randy Arozarena
52%
Philadelphia Phillies MGR Rob Thomson
52%
Cleveland Guardians MGR Terry Francona
52%
St. Louis Cardinals SS Tommy Edman
52%
San Diego Padres CF Trent Grisham
52%
Seattle Mariners 1B Ty France
52%
Tampa Bay Rays SP Tyler Glasnow
52%
Cleveland Guardians SS Amed Rosario
48%
Seattle Mariners DH Carlos Santana
48%
Los Angeles Dodgers CF Cody Bellinger
48%
Atlanta Braves LF Eddie Rosario
48%
Philadelphia Phillies 2B Jean Segura
48%
Atlanta Braves 2B Orlando Arcia
48%
Tampa Bay Rays SP Shane McClanahan
48%
San Diego Padres MGR Bob Melvin
43%
New York Mets SP Chris Bassitt
43%
Seattle Mariners SP George Kirby
43%
New York Mets 2B Jeff McNeil
43%
Toronto Blue Jays MGR John Schneider
43%
New York Yankees C Jose Trevino
43%
Toronto Blue Jays 3B Matt Chapman
43%
Cleveland Guardians CF Myles Straw
43%
Cleveland Guardians RF Oscar Gonzalez
43%
New York Mets RF Starling Marte
43%
New York Mets MGR Buck Showalter
38%
Atlanta Braves SP Charlie Morton
38%
Los Angeles Dodgers 2B Gavin Lux
38%
San Diego Padres LF Jurickson Profar
38%
New York Mets LF Mark Canha
38%
Seattle Mariners RF Mitch Haniger
38%
New York Yankees SP Nestor Cortes
38%
New York Yankees LF Oswaldo Cabrera
38%
Seattle Mariners MGR Scott Servais
38%
Los Angeles Dodgers LF Trayce Thompson
38%
Houston Astros DH Trey Mancini
38%
Toronto Blue Jays SP Alek Manoah
33%
St. Louis Cardinals 2B Brendan Donovan
33%
Toronto Blue Jays DH Danny Jansen
33%
New York Yankees SS Isiah Kiner-Falefa
33%
Tampa Bay Rays CF Jose Siri
33%
New York Yankees SP Luis Severino
33%
Los Angeles Dodgers SP Tony Gonsolin
33%
Los Angeles Dodgers SP Tyler Anderson
33%
Cleveland Guardians C Austin Hedges
29%
San Diego Padres 1B Brandon Drury
29%
New York Mets 3B Eduardo Escobar
29%
Tampa Bay Rays 1B Jiman Choi
29%
Atlanta Braves SP Kyle Wright
29%
New York Mets C Tomas Nido
29%
Cleveland Guardians SP Triston McKenzie
29%
Cleveland Guardians DH Will Brennan
29%
Atlanta Braves DH William Contreras
29%
Cleveland Guardians SP Aaron Civale
24%
New York Mets DH Daniel Vogelbach
24%
St. Louis Cardinals CF Lars Nootbaar
24%
Tampa Bay Rays RF Manuel Margot
24%
Seattle Mariners SP Robbie Ray
24%
Seattle Mariners 2B Adam Frazier
19%
New York Yankees SP Jameson Taillon
19%
San Diego Padres SP Mike Clevinger
19%
Cleveland Guardians SP Cal Quantrill
14%
Tampa Bay Rays C Christian Bethancourt
14%
Seattle Mariners LF Jarred Kelenic
14%
St. Louis Cardinals SP Jose Quintana
14%
Toronto Blue Jays LF Raimel Tapia
14%
Toronto Blue Jays 2B Whit Merrifield
14%
Philadelphia Phillies SP Bailey Falter
10%
St. Louis Cardinals LF Corey Dickerson
10%
St. Louis Cardinals RF Juan Yepez
10%
Tampa Bay Rays 2B Taylor Walls
10%
No matching quizzes found
Score Distribution
Percent of People with Each Score
Percentile by Number Answered
Your Score History
You have not taken this quiz